Cannibalism in the linear pottery culture : the human remains from Herxheim /

The Herxheim enclosure, located in the German region of Palatinate, is one of the major discoveries of the last two decades regarding the Linear Pottery Culture, and probably one of the most significant in advancing understanding of how this culture ended. The spectacular deposits, mostly composed o...

وصف كامل

محفوظ في:

المؤلفون الرئيسيون: Boulestin, Bruno (مؤلف), Coupey, Anne-Sophie (مؤلف)

التنسيق: كتاب الكتروني

اللغة: English

منشور في: Oxford : Archaeopress Publishing Ltd, [2015]

سلاسل: Archaeopress archaeology.

الموضوعات:

الوصول للمادة أونلاين: Login to view Source

الوسوم: إضافة وسم

لا توجد وسوم, كن أول من يضع وسما على هذه التسجيلة!

رقم الطلب: GN776.2.B3

LEADER 02489nam a2200445 i 4500
001 EDZ0001352788
003 StDuBDS
005 20230412181625.0
006 m|||||o||d||||||||
007 cr |||||||||||
008 160314t20152015enka fob 000|0|eng|d
020 |a 9781784912147 (PDF ebook) :  |c £35.00 
040 |a StDuBDS  |b eng  |c StDuBDS  |e rda  |e pn 
050 4 |a GN776.2.B3 
082 0 4 |a 930.14  |2 23 
100 1 |a Boulestin, Bruno,  |e author. 
245 1 0 |a Cannibalism in the linear pottery culture :  |b the human remains from Herxheim /  |c Bruno Boulestin and Anne-sophie Coupey. 
264 1 |a Oxford :  |b Archaeopress Publishing Ltd,  |c [2015] 
264 4 |c ©2015 
300 |a 1 online resource :  |b illustrations (black and white, and colour). 
336 |a text  |2 rdacontent 
336 |a still image  |2 rdacontent 
337 |a computer  |2 rdamedia 
338 |a online resource  |2 rdacarrier 
490 1 |a Archaeopress archaeology 
504 |a Includes bibliographical references. 
520 8 |a The Herxheim enclosure, located in the German region of Palatinate, is one of the major discoveries of the last two decades regarding the Linear Pottery Culture, and probably one of the most significant in advancing understanding of how this culture ended. The spectacular deposits, mostly composed of human remains, recovered on the occasion of the two excavation campaigns carried out on the site, grabbed people's attention and at the same time raised several questions regarding their interpretation, which had so far mostly hesitated between peculiar funerary practices, war and cannibalism. The authors provide here an extensive study of the human remains found at Herxheim, focusing mainly on those recovered during the 2005-2010 excavation campaign. 
521 |a Specialized. 
588 |a Description based on online resource; title from home page (viewed on March 9, 2016). 
650 0 |a Bandkeramik culture. 
650 0 |a Cannibalism  |z Germany  |z Herxheim  |x History  |y To 1500. 
650 0 |a Excavations (Archaeology)  |z Germany  |z Herxheim. 
651 0 |a Herxheim (Germany)  |x Antiquities. 
700 1 |a Coupey, Anne-Sophie,  |e author. 
776 0 8 |i Print version :  |z 9781784912130 
830 0 |a Archaeopress archaeology. 
856 4 0 |3 Archaeopress  |u http://library.arce.org:8087/Archaeopress/Products/9781784912130 
942 |2 lcc  |c EBOOK 
952 |0 0  |1 0  |4 0  |6 GN07762 B3  |7 1  |9 46099  |a ARCH  |b ARCH  |d 2023-04-12  |l 0  |o GN776.2.B3  |r 2023-04-12 00:00:00  |w 2023-04-12  |y EBOOK 
999 |c 51757  |d 51757